| 000 -CABECERA |
| fixed length control field |
00947nam a22002177a 4500 |
| 003 - IDENTIFICADOR DEL NÚMERO DE CONTROL |
| control field |
AR-CdUCM |
| 008 - DATOS DE LONGITUD FIJA--INFORMACIÓN GENERAL |
| fixed length control field |
190329b ||||| |||| 00| 0 spa d |
| 040 ## - FUENTE DE LA CATALOGACIÓN |
| Agencia/entidad que catalogó originalmente la obra |
MUNICIPALIDAD PROVINCIAL DEL CUSCO |
| Entidad que transcribió la catalogación |
BIBLIOTECA MUNICIPAL DEL CUSCO |
| 082 ## - NÚMERO DE LA CLASIFICACIÓN DECIMAL DEWEY |
| No. de Clasificación |
863.4 / |
| Notacion interna |
F38I |
| 100 ## - ENTRADA PRINCIPAL--NOMBRE DE PERSONA |
| Nombre Personal |
Fernández de Avellaneda, Alonso |
| 245 ## - MENCIÓN DE TÍTULO |
| Título |
El Quijote apócrifo : |
| Resto del título |
El ingenioso Don Quijote de la Mancha / |
| 260 ## - PUBLICACIÓN, DISTRIBUCIÓN, ETC. |
| Lugar de publicación, distribución, etc. |
Barcelona : |
| Nombre de la editorial, distribuidor, etc. |
Ramón Sopena. |
| 300 ## - DESCRIPCIÓN FÍSICA |
| Nº de Páginas Extensión |
382 páginas ; |
| Otros detalles físicos |
ilustraciones, |
| Dimensiones |
18 cm. |
| 440 ## - MENCIÓN DE SERIE/PUNTO DE ACCESO ADICIONAL--TÍTULO |
| Título |
Biblioteca Sopena. |
| Número de la parte/sección de una obra |
12 |
| 9 (RLIN) |
26829 |
| 505 ## - NOTA DE CONTENIDO CON FORMATO |
| Nota de contenido formateada |
Contenido: Quinta parte, Del ingenioso Hidalgo Don Quijote de la Mancha y de su andantesca caballería -- Sexta parte, Del Ingenioso Hidalgo Don Quijote de la Mancha -- Séptima parte, Del Ingenioso Hidalgo Don Quijote de la Mancha. |
| 650 ## - PUNTO DE ACCESO ADICIONAL DE MATERIA--TÉRMINO DE MATERIA |
| Descriptor |
Literatura Española |
| 9 (RLIN) |
612 |
| 650 ## - PUNTO DE ACCESO ADICIONAL DE MATERIA--TÉRMINO DE MATERIA |
| Descriptor |
Obra literaria |
| 9 (RLIN) |
308 |
| 650 ## - PUNTO DE ACCESO ADICIONAL DE MATERIA--TÉRMINO DE MATERIA |
| Descriptor |
Don Quijote de la Mancha |
| 9 (RLIN) |
26830 |
| 942 ## - ELEMENTOS DE PUNTO DE ACCESO ADICIONAL (KOHA) |
| Fuente de clasificación |
|
| Tipo de item |
Libros-BMC |
| 945 ## - PROCESAMIENTO DE INFORMACIÓN LOCAL (OCLC) |
| Catalogador |
achl |